| 000 | 00970nam a2200277 i 4500 | ||
|---|---|---|---|
| 003 | DO-SdBNP | ||
| 005 | 20250206101005.0 | ||
| 007 | ta | ||
| 008 | 240627s2024 dr 000 j spa d | ||
| 020 | _a9789945648805 | ||
| 040 |
_aDO-SdBNP _bspa _cBNPHU _erda |
||
| 082 |
_bD611 _222 |
||
| 100 | 1 |
_aDisla, Edwin, _d1961- _eautor _928921 |
|
| 245 | 1 | 3 |
_aRealidad y perspectivas de la sociedad dominicana en el siglo XXI / _cFélix De Paula Heredia : prólogo José Antinoe Fiallo Billini |
| 264 | 1 |
_aSanto Domingo : _bSantuario, _c2024. |
|
| 300 |
_a122 páginas, _c23 cm. |
||
| 336 |
_2rdacontent _atexto _btxt |
||
| 337 |
_2rdamedia _asin mediación _bn |
||
| 338 |
_2rdacarrier _avolumen _bnc |
||
| 500 | _aIncluye datos biografícos del autor en la solapa de la portada. | ||
| 504 | _aBibliografía p: 121-122. | ||
| 590 | _aInventariado, 2024/ YL | ||
| 700 | 1 |
_aFiallo Billini, José Antinoe _d1944- _eprólogo _910159 |
|
| 910 | _aYLockward | ||
| 942 |
_2ddc _cLBS1 |
||
| 999 |
_c57046 _d57046 |
||